000
00225nam a2200097Ia 4500
008
230907s9999||||xx |||||||||||||| ||und||
082
_a
307.76
_b
SMA
245
0
_a
Smart cities :
300
_a
xxxviii, 869 pages ;
942
_c
BK
999
_c
598127
_d
598127